| 000 | 00742nam a2200241Ia 4500 | ||
|---|---|---|---|
| 003 | OSt | ||
| 005 | 20140324092543.0 | ||
| 008 | 140130s9999 xx 000 0 und d | ||
| 020 | _a9780399237386 | ||
| 050 |
_aM 973.3 _bSa132 2005 |
||
| 100 | _aSt. George, Judith. | ||
| 245 |
_cJudith St. George. _aThe journey of the one and only declaration of independence / |
||
| 260 |
_bScholastic Inc, _cc2005. _aUSA : |
||
| 300 |
_a45 p. : _bcol. ill. ; _c23 cm. |
||
| 440 | _v1 | ||
| 521 | _aG7 | ||
| 526 | _c890 | ||
| 650 |
_aUnited States. Declaration of Independence _xJuvenile literature. |
||
| 650 |
_aUnited States _xPolitics and government _x1775-1783 _xJuvenile literature. |
||
| 942 |
_cBK _2lcc |
||
| 999 |
_c42019 _d42019 |
||